000
00347nam a2200133Ia 4500
008
100328s9999 xx 000 0 und d
082
_b
25448
100
_a
मनोहर अनंत
245
_a
कठपुतली
260
_b
रविराज
630
_a
कठपुतली
730
_a
कठपुतली
942
_c
BOOK
999
_c
518312
_d
518309